000 01393aam a2200421 4500
005 20260303144443.0
008 150902b2001 xxu||||| |||| 00| 0 spa d
020 _a9684444222
041 _aESP
082 _a658.8 K87d10
100 _aKotler, Philip
245 _aDirección de marketing
250 _a10 edición
260 _aMéxico
260 _bPearson Educación
260 _c2001
300 _a718 páginas
490 _aDirección y Administración de Empresas
505 _aParte I. La esencia de la dirección de marketing. Parte II. Un análisis de las oportunidades de marketing. Parte III. Desarrollo de estrategias de Marketing. Parte IV. Toma de decisiones de marketing. Parte V. Administración y entrega de programas de marketing.
650 _aGERENCIA DE MERCADEO
650 _aMARKETING
650 _aPLANEACIÓN ESTRATÉGICA
650 _aMERCADEO
650 _aPRODUCTO
650 _aINVESTIGACIÓN DE MERCADOS
650 _aDIRECCIÓN DE MARKETING
650 _aPLANEACIÓN ESTRATEGIA
650 _aPLANEACIÓN ESTRATEGIA DE NEGOCIOS
650 _aMERCADO GLOBAL
650 _aANÁLISIS DE MERCADOS
650 _aSEGMENTACIÓN DEL MERCADO
650 _aADMINISTRACIÓN DE SERVICIOS
650 _aTOMA DE DECISIONES
650 _aPROGRAMAS DE MARKETING
650 _aPUBLICIDAD
650 _aVENTAS
942 _cBK
_2ddc
999 _c726
_d726